| 000 | 01182nam a2200325Ia 4500 | ||
|---|---|---|---|
| 001 | Para_5948 | ||
| 003 | CHAP | ||
| 008 | 220125s1977 xx 000 0 und d | ||
| 010 | _a204732 | ||
| 040 | _cCHAP | ||
| 090 | _aPA TESIS 226 | ||
| 100 |
_aOrtíz Barrera, Ramón _983936 |
||
| 245 |
_aFormación de progenitores de resistencia en trigo a Puccinia graminis f. sp. tritici Erikss y Henne y a Puccinia striiformis West. a partir de las variedades Santa Elena y Bonza 55 / _c por Ramón Ortíz Barrera |
||
| 260 |
_aChapingo, Méx. : _b el autor |
||
| 300 | _a43 h. | ||
| 502 | _aTesis (Ing. Agr. Esp. en Parasitología Agrícola) ENA. Departamento Parasitología Agrícola | ||
| 650 |
_aPuccinia graminis _992822 |
||
| 650 |
_aPuccinia striiformis _992831 |
||
| 650 |
_aRoya del trigo _9100390 |
||
| 650 |
_aTrigo _x enfermedades _9115017 |
||
| 650 |
_aTrigo _x variedades resistentes a enfermedades _9115120 |
||
| 710 | _aENA. Departamento Parasitología AGrícola | ||
| 901 | _aPA TESIS 226 | ||
| 902 | _aA | ||
| 905 | _a0000001977 0000000000 00 | ||
| 910 | _a1977 | ||
| 942 | _cPARA | ||
| 942 |
_cPARA _d1 |
||
| 999 |
_c204732 _d204732 |
||